00715 2200265 4500001002100000005001700021008004100038020001800079035002400097082001300121090002000134100002000154245005900174250001100233260004100244300002400285500002800309500003200337650001400369700002000383850001200403980001300415985000600428999001500434YOGYA-0209000002690520090227024110.0 ind  a979-421-227-X 0010-020900000026905 a302.3506 a302.3506bBen B aBENVENISTE, Guy aBirokrasicGuy Benveniste ; penerjemah, Sahat Simamora aCet. 3 aJakartabRaja Grafindo Persadac1994 axxi, 345 hlmc21 cm aJudulasli : Bureaucracy aBibliografii : hlm. 319-345 aBirokrasi aSimamora, Sahat aYOPDYOG a09-01-07 a1 a06A0019645